Luces de España

Kaydedildi:
Detaylı Bibliyografya
Yazar: Urbina, Luis G.
Materyal Türü: Kitap
Dil:Undetermined
Baskı/Yayın Bilgisi: Madrid, España Marineda 1923
Konular:
Etiketler: Etiketle
Etiket eklenmemiş, İlk siz ekleyin!

MARC

LEADER 00000nam a2200000Ia 4500
008 170316s9999 xx 000 0 und d
999 |c 13205  |d 13205 
040 |a cru BVZT 
090 |a C-862 U-1L 
100 |a Urbina, Luis G. 
245 |a Luces de España 
260 |a Madrid, España 
260 |b Marineda 
260 |c 1923 
300 |a 239 páginas 
650 |a LITERATURA ESPAÑOLA  |9 23 
650 |a CRÍTICA 
942 |c 15 D  |h C-862 U-1L  |2 z